000 00606nam a2200217 i 4500
001 C2-0230789
003 PPAK
005 20180728083848.0
008 001101s1963 my |||| ||||| | may d
040 _aPPAK
_beng
_cPPAK
_erda
082 0 4 _a959.5
_223
090 0 0 _a959.5
_bMAL
_dKSI
245 0 0 _aMalaysia:
_bsa-chara rengkas
264 1 _aKuala Lumpur :
_bJabatan Penerangan Malaysia ,
_c1963
300 _aix, 170 pages ;
_c18 cm
336 _2rdacontent
_atext
337 _2rdamedia
_aunmediated
338 _2rdacarrier
_avolume
650 1 0 _aMalaysia - Description and travel
942 _ddc
_cB
999 _c150327
_d150327